书目信息 |
| 题名: |
汉语藏语同源字研究
|
|
| 作者: | 薛才德 | |
| 分册: | ||
| 出版信息: | 上海 上海大学出版社 36892 |
|
| 页数: | 167页 | |
| 开本: | 20cm | |
| 丛书名: | ||
| 单 册: | ||
| 中图分类: | H214.3 | |
| 科图分类: | ||
| 主题词: | 少数民族--民族语--中国 | |
| 电子资源: | ||
| ISBN: | 7-81058-265-8 | |
| 000 | 00528nam0 2200181 450 | |
| 001 | 0728815141 | |
| 005 | 20070819080015.14 | |
| 010 | @a7-81058-265-8@d¥28.00 | |
| 100 | @a20070819d km y0chiy0120 ea | |
| 101 | 0 | @achi |
| 200 | 1 | @a汉语藏语同源字研究@Ahan yu cang yu tong yuan zi yan jiu@f薛才德@Fxue cai de |
| 210 | @a上海@c上海大学出版社@d36892 | |
| 215 | @a167页@d20cm | |
| 606 | 0 | @a少数民族@x民族语@x中国 |
| 690 | @aH214.3@v3 | |
| 701 | 0 | @a薛才德@Axue cai de |
| 801 | 0 | @aCN@bPFT@c20070819 |
| 905 | @a213230@dH214.3@eZW1@f1 | |
| 汉语藏语同源字研究/薛才德.-上海:上海大学出版社,36892 |
| 167页;20cm |
| ISBN 7-81058-265-8:¥28.00 |
| ● |
| 相关链接 |
|
|
|
|
正题名:汉语藏语同源字研究
索取号:H214.3/ZW1
 
预约/预借
| 序号 | 登录号 | 条形码 | 馆藏地/架位号 | 状态 | 备注 |
| 1 | 7604395 | 276043951 | 中文系资料室/ [索取号:H214.3/ZW1] | 在馆 |